[Event "Zlin Region-chT 2223"]
[Site "Czech Republic"]
[Date "2022.11.27"]
[Round "4.1"]
[White "Vitak, Pavel"]
[Black "Karlik, Vladimir"]
[Result "0-1"]
[WhiteElo "2219"]
[BlackElo "2106"]
[PlyCount "64"]
[EventDate "2022.10.09"]
[EventType "team-tourn"]
[EventRounds "11"]
[EventCountry "CZE"]
[SourceTitle "EXT 2024"]
[Source "ChessBase"]
[SourceDate "2023.10.10"]
[SourceVersion "1"]
[SourceVersionDate "2023.10.10"]
[SourceQuality "1"]
[WhiteTeam "Valasska Bystrice Sokol"]
[BlackTeam "Kromeriz Slavia III"]
[WhiteTeamCountry "CZE"]
[BlackTeamCountry "CZE"]

1. e4 c5 2. Nf3 Nc6 3. Bb5 g6 4. 0-0 Bg7 5. Re1 Nf6 6. Nc3 0-0 7. h3 d6 8. Bxc6 bxc6 9. d3 e5 10. Be3 Ne8 11. Qd2 f5 12. Bh6 f4 13. Bxg7 Kxg7 14. Na4 g5 15. c3 h5 16. h4 gxh4 17. d4 Qe7 18. dxe5 dxe5 19. c4 Nd6 20. Rad1 Nf7 21. Qa5 Bg4 22. Nxc5 h3 23. Rd3 hxg2 24. Red1 Bxf3 25. Rxf3 Qh4 26. Kxg2 Qg4+ 27. Kf1 Qxf3 28. Rd7 Qh3+ 29. Ke2 Rad8 30. Qc7 Qg4+ 31. Ke1 Rxd7 32. Nxd7 Rd8 0-1

[Event "Zlin Region-chT 2223"]
[Site "Czech Republic"]
[Date "2022.11.13"]
[Round "3.1"]
[White "Vitak, Pavel"]
[Black "Roubalik, Jakub"]
[Result "1/2-1/2"]
[WhiteElo "2219"]
[BlackElo "2372"]
[PlyCount "63"]
[EventDate "2022.10.09"]
[EventType "team-tourn"]
[EventRounds "11"]
[EventCountry "CZE"]
[SourceTitle "EXT 2024"]
[Source "ChessBase"]
[SourceDate "2023.10.10"]
[SourceVersion "1"]
[SourceVersionDate "2023.10.10"]
[SourceQuality "1"]
[WhiteTeam "Valasska Bystrice Sokol"]
[BlackTeam "Zlin II"]
[WhiteTeamCountry "CZE"]
[BlackTeamCountry "CZE"]

1. e4 e5 2. Nf3 Nc6 3. Bc4 Nf6 4. d3 Bc5 5. Bb3 d6 6. c3 a6 7. Nbd2 Ba7 8. h3 Ne7 9. Nf1 Ng6 10. Ng3 0-0 11. 0-0 h6 12. d4 Re8 13. Re1 Be6 14. Bxe6 Rxe6 15. d5 Re8 16. Be3 Nf4 17. c4 Nd7 18. b4 Qf6 19. Rc1 a5 20. a3 axb4 21. axb4 Bxe3 22. fxe3 Ng6 23. Rf1 Ra2 24. Ra1 Rea8 25. Rxa2 Rxa2 26. Qb3 Ra6 27. Nd2 Qg5 28. Nf5 Nh4 29. Nxh4 Qxh4 30. c5 Qe7 31. cxd6 Rxd6 32. Rc1 1/2-1/2

[Event "CZE-chT2F 2223"]
[Site "Czech Republic"]
[Date "2022.11.06"]
[Round "2"]
[White "Havelka, Ondrej"]
[Black "Vitak, Pavel"]
[Result "1-0"]
[WhiteElo "2154"]
[BlackElo "2167"]
[PlyCount "73"]
[EventDate "2022.10.16"]
[EventType "team-tourn"]
[EventRounds "11"]
[EventCountry "CZE"]
[SourceTitle "EXT 2024"]
[Source "ChessBase"]
[SourceDate "2023.10.10"]
[SourceVersion "1"]
[SourceVersionDate "2023.10.10"]
[SourceQuality "1"]
[WhiteTeam "Dobra Sokol"]
[BlackTeam "Vsetin"]
[WhiteTeamCountry "CZE"]
[BlackTeamCountry "CZE"]

1. d4 Nf6 2. c4 d6 3. Nc3 Nbd7 4. Nf3 e5 5. e3 c6 6. b3 Be7 7. Be2 0-0 8. a4 Re8 9. Ba3 e4 10. Nd2 Bf8 11. Qc2 Qe7 12. b4 Qe6 13. h3 g6 14. g4 h6 15. b5 c5 16. d5 Qe7 17. Bb2 Bg7 18. h4 Nf8 19. Rg1 g5 20. hxg5 hxg5 21. a5 Ng6 22. Rg3 Bd7 23. 0-0-0 Rab8 24. Rh1 Ra8 25. Rh5 Nxh5 26. gxh5 Ne5 27. Ncxe4 Bf5 28. f4 Ng4 29. Bxg7 Bxe4 30. Qc3 f5 31. h6 gxf4 32. exf4 Qf7 33. Nxe4 Rxe4 34. h7+ Kxh7 35. Rh3+ Kg6 36. Bxg4 Rh8 37. Rxh8 1-0

[Event "CZE-chT1E 2122"]
[Site "Czech Republic"]
[Date "2022.02.20"]
[Round "9.5"]
[White "Vitak, Pavel"]
[Black "Mudrak, Josef"]
[Result "1/2-1/2"]
[WhiteElo "2216"]
[BlackElo "2224"]
[PlyCount "57"]
[EventDate "2021.10.09"]
[EventType "team-tourn"]
[EventRounds "11"]
[EventCountry "CZE"]
[SourceTitle "EXT 2023"]
[Source "ChessBase"]
[SourceDate "2022.10.05"]
[SourceVersion "1"]
[SourceVersionDate "2022.10.05"]
[SourceQuality "1"]
[WhiteTeam "Vsetin"]
[BlackTeam "Vlcnov"]
[WhiteTeamCountry "CZE"]
[BlackTeamCountry "CZE"]

1. e4 e5 2. Nf3 d6 3. d4 exd4 4. Nxd4 Nf6 5. Nc3 Be7 6. g3 c6 7. a4 0-0 8. Bg2 Bg4 9. f3 Bc8 10. 0-0 d5 11. exd5 Nxd5 12. Nxd5 Qxd5 13. c3 Bf6 14. Be3 Na6 15. f4 Qd6 16. Qf3 Nc7 17. Rad1 Nd5 18. Bf2 Qc7 19. b4 Bd7 20. Rfe1 Qc8 21. Qd3 Bg4 22. Rc1 Rd8 23. Qc4 Nb6 24. Qb3 Bxd4 25. Bxd4 Be6 26. Qc2 Bf5 27. Qb3 Be6 28. Qc2 Bf5 29. Qb3 1/2-1/2

[Event "CZE-chT1E 2122"]
[Site "Czech Republic"]
[Date "2021.12.12"]
[Round "5.3"]
[White "Havelka, Ondrej"]
[Black "Vitak, Pavel"]
[Result "0-1"]
[WhiteElo "2158"]
[BlackElo "2216"]
[PlyCount "106"]
[EventDate "2021.10.09"]
[EventType "team-tourn"]
[EventRounds "11"]
[EventCountry "CZE"]
[SourceTitle "EXT 2023"]
[Source "ChessBase"]
[SourceDate "2022.10.05"]
[SourceVersion "1"]
[SourceVersionDate "2022.10.05"]
[SourceQuality "1"]
[WhiteTeam "Hostalkova"]
[BlackTeam "Vsetin"]
[WhiteTeamCountry "CZE"]
[BlackTeamCountry "CZE"]

1. d4 Nf6 2. c4 Nc6 3. Nc3 e5 4. dxe5 Nxe5 5. e3 Bb4 6. Bd2 0-0 7. f4 Ng6 8. Nf3 Qe7 9. Qc2 Nxf4 10. 0-0-0 Ng6 11. Bd3 d6 12. Kb1 Re8 13. Ng5 c6 14. h4 Nf8 15. Nd5 cxd5 16. Bxb4 Bg4 17. Rdf1 Qxe3 18. Bxd6 Be2 19. Bxe2 Qxe2 20. Qf5 dxc4 21. Ka1 Qd3 22. Qc5 Rac8 23. Qb4 c3 24. Rd1 cxb2+ 25. Qxb2 Qc3 26. Bb4 Qxb2+ 27. Kxb2 Re2+ 28. Rd2 Rxd2+ 29. Bxd2 h6 30. Nf3 Ne6 31. Re1 Rc4 32. g3 Rg4 33. Rg1 Ne4 34. Be1 N4c5 35. Bd2 Re4 36. Rg2 b5 37. Kc3 f6 38. a3 Kf7 39. Rg1 a6 40. Rg2 Rg4 41. Be1 Ra4 42. Kb2 Nd3+ 43. Kb3 Nec5+ 44. Kc3 Rxa3+ 45. Kd4 Ne6+ 46. Ke4 Ndc5+ 47. Kd5 Rxf3 48. Bb4 Rd3+ 49. Kc6 Ne4 50. g4 Rd4 51. Ba5 Ra4 52. Kb6 b4 53. Rb2 Nd6 0-1

[Event "CZE-chT1E 1920"]
[Site "Czech Republic"]
[Date "2020.03.01"]
[Round "9.3"]
[White "Murdzia, Piotr"]
[Black "Vitak, Pavel"]
[Result "1-0"]
[WhiteElo "2425"]
[BlackElo "2225"]
[PlyCount "115"]
[EventDate "2019.10.20"]
[EventType "team-tourn"]
[EventRounds "11"]
[EventCountry "CZE"]
[SourceTitle "CBM 195 Extra"]
[Source "ChessBase"]
[SourceDate "2020.05.31"]
[SourceVersion "1"]
[SourceVersionDate "2020.05.31"]
[SourceQuality "1"]
[WhiteTeam "Poruba Slavoj II"]
[BlackTeam "Vsetin"]
[WhiteTeamCountry "CZE"]
[BlackTeamCountry "CZE"]

1. e4 c5 2. Nf3 e6 3. d4 cxd4 4. Nxd4 a6 5. Bd3 Qc7 6. 0-0 Nc6 7. Nxc6 dxc6 8. a4 e5 9. Be3 Nf6 10. a5 Be6 11. Nd2 Bb4 12. c3 Bxa5 13. Bc4 b5 14. Bxe6 fxe6 15. Nb3 Bb6 16. Bxb6 Qxb6 17. Qd6 Kf7 18. Nc5 Rhe8 19. Qxe5 a5 20. Rad1 Ra7 21. Rd6 Rae7 22. Rfd1 a4 23. h3 Qb8 24. f4 Qc8 25. Kh2 h6 26. R1d3 Kg8 27. Rg3 Kh7 28. Rgd3 Kg8 29. Rd2 Kh7 30. g4 Kg8 31. Rd1 Nh7 32. h4 Nf8 33. h5 Rf7 34. R1d2 Qc7 35. Kh3 Qe7 36. Rxc6 g5 37. f5 exf5 38. Qxe7 fxg4+ 39. Kxg4 Rf4+ 40. Kg3 Rxe7 41. Rxh6 Rh7 42. Rxh7 Kxh7 43. Rd6 Rf1 44. e5 Rg1+ 45. Kf2 Rc1 46. Ne4 Rc2+ 47. Kf3 Rxb2 48. Nxg5+ Kg8 49. e6 Nxe6 50. Rxe6 Rc2 51. Ne4 a3 52. Ra6 a2 53. Ra7 Rh2 54. Kg4 Kf8 55. Kg5 Re2 56. Kf5 Rh2 57. Kg6 Rh4 58. Nf6 1-0

[Event "CZE-chT1E 1920"]
[Site "Czech Republic"]
[Date "2019.11.24"]
[Round "3.6"]
[White "Svanda, Ondrej"]
[Black "Vitak, Pavel"]
[Result "0-1"]
[WhiteElo "2268"]
[BlackElo "2225"]
[PlyCount "108"]
[EventDate "2019.10.20"]
[EventType "team-tourn"]
[EventRounds "11"]
[EventCountry "CZE"]
[SourceTitle "CBM 193 Extra"]
[Source "ChessBase"]
[SourceDate "2020.01.31"]
[SourceVersion "1"]
[SourceVersionDate "2020.01.31"]
[SourceQuality "1"]
[WhiteTeam "Brno Moravska Slavia II"]
[BlackTeam "Vsetin"]
[WhiteTeamCountry "CZE"]
[BlackTeamCountry "CZE"]

1. e4 c5 2. Nf3 e6 3. d4 cxd4 4. Nxd4 a6 5. Bd3 Qc7 6. 0-0 Nf6 7. Qe2 d6 8. c4 Nbd7 9. Nc3 Ne5 10. h3 Be7 11. f4 Nxd3 12. Qxd3 Bd7 13. b3 Rc8 14. Bb2 0-0 15. Rae1 Rfd8 16. Kh1 Be8 17. f5 e5 18. Nc2 b5 19. Ne3 bxc4 20. bxc4 Bf8 21. Ncd5 Nxd5 22. exd5 Rb8 23. Bc3 Qc5 24. Rf3 Rdc8 25. Qd2 Rb7 26. Rg3 f6 27. Rf3 Rcb8 28. g4 Be7 29. h4 Qa3 30. Rg1 Rb1 31. Rfg3 Rxg1+ 32. Rxg1 h6 33. Kg2 Qc5 34. Kg3 Bd8 35. Kf3 Qa3 36. Qc2 Ba4 37. Qd2 Kf7 38. Ke4 Bd7 39. Qc2 Bb6 40. Bd2 Bxe3 41. Bxe3 Rb2 42. Bc1 Rxc2 43. Bxa3 Rxc4+ 44. Kd3 Rd4+ 45. Ke3 Rxd5 46. Rc1 Ke7 47. Rc7 Ra5 48. Bb4 Rxa2 49. Rb7 a5 50. Ra7 Ra4 51. Bxa5 Rxg4 52. Rb7 Rxh4 53. Bb4 Rc4 54. Rb6 Rc6 0-1

[Event "CZE-chT2F 1920"]
[Site "Czech Republic"]
[Date "2019.11.17"]
[Round "3.4"]
[White "Vitak, Pavel"]
[Black "Olsar, Jaroslav"]
[Result "1/2-1/2"]
[WhiteElo "2225"]
[BlackElo "2220"]
[PlyCount "81"]
[EventDate "2019.10.13"]
[EventType "team-tourn"]
[EventRounds "11"]
[EventCountry "CZE"]
[SourceTitle "EXT 2024"]
[Source "ChessBase"]
[SourceDate "2023.10.10"]
[SourceVersion "1"]
[SourceVersionDate "2023.10.10"]
[SourceQuality "1"]
[WhiteTeam "Grygov Proclient"]
[BlackTeam "Karvina"]
[WhiteTeamCountry "CZE"]
[BlackTeamCountry "CZE"]

1. e4 e5 2. Nf3 Nc6 3. Bc4 Bc5 4. b4 Bxb4 5. c3 Be7 6. d4 exd4 7. 0-0 d6 8. cxd4 Nf6 9. Re1 0-0 10. Nc3 Bg4 11. Bf4 Qd7 12. Rc1 Rad8 13. Bb5 a6 14. Ba4 Qc8 15. Nd5 Rfe8 16. Qd2 Nxd5 17. exd5 b5 18. Rxc6 bxa4 19. Qc3 Qf5 20. Rxc7 Bf6 21. Bxd6 Bxf3 22. gxf3 Rxe1+ 23. Qxe1 Qxd5 24. Be5 Bxe5 25. Qxe5 Qxe5 26. dxe5 Ra8 27. Rc4 Kf8 28. Rxa4 Ke7 29. Rd4 Ke6 30. f4 Kf5 31. Kg2 Ra7 32. Kg3 f6 33. Ra4 a5 34. Rc4 fxe5 35. Rc5 a4 36. fxe5 a3 37. f4 Ra6 38. Kf3 Rh6 39. Kg3 Rg6+ 40. Kf3 Rh6 41. Kg3 1/2-1/2

[Event "CZE-chT2E 1819"]
[Site "Czech Republic"]
[Date "2019.03.31"]
[Round "11.2"]
[White "Vitak, Pavel"]
[Black "Obsivac, Josef"]
[Result "1/2-1/2"]
[WhiteElo "2263"]
[BlackElo "2264"]
[PlyCount "84"]
[EventDate "2018.10.14"]
[EventType "team-tourn"]
[EventRounds "11"]
[EventCountry "CZE"]
[SourceTitle "EXT 2022"]
[Source "ChessBase"]
[SourceDate "2021.10.06"]
[SourceVersion "1"]
[SourceVersionDate "2021.10.06"]
[SourceQuality "1"]
[WhiteTeam "Vsetin"]
[BlackTeam "Grygov"]
[WhiteTeamCountry "CZE"]
[BlackTeamCountry "CZE"]

1. c4 e5 2. Nc3 Nc6 3. g3 Bc5 4. Bg2 a6 5. e3 d6 6. Nge2 Nf6 7. a3 0-0 8. b4 Ba7 9. 0-0 Bf5 10. d3 Qd7 11. Bb2 Bh3 12. Nd5 Nxd5 13. cxd5 Ne7 14. Qb3 Rac8 15. Rac1 h5 16. d4 Ng6 17. dxe5 dxe5 18. Rfd1 Bxg2 19. Kxg2 h4 20. Rc4 Rfe8 21. Qc2 h3+ 22. Kf1 Red8 23. Ke1 f5 24. Ng1 Ne7 25. Bxe5 Nxd5 26. Nxh3 Qe6 27. Bf4 c6 28. Ng5 Qf6 29. Qb3 Rf8 30. Kf1 Rcd8 31. Rcc1 Kh8 32. Kg2 Qe7 33. Re1 Rf6 34. Rcd1 Bb8 35. Bxb8 Rxb8 36. h4 Rbf8 37. Qc4 Qe8 38. Rc1 Qd7 39. Qd4 Rd6 40. Qe5 Kg8 41. Qb2 Re8 42. Qb3 Kh8 1/2-1/2

[Event "CZE-chT2E 1819"]
[Site "Czech Republic"]
[Date "2019.02.24"]
[Round "9.1"]
[White "Mudrak, Josef"]
[Black "Vitak, Pavel"]
[Result "0-1"]
[WhiteElo "2243"]
[BlackElo "2263"]
[PlyCount "100"]
[EventDate "2018.10.14"]
[EventType "team-tourn"]
[EventRounds "11"]
[EventCountry "CZE"]
[SourceTitle "EXT 2022"]
[Source "ChessBase"]
[SourceDate "2021.10.06"]
[SourceVersion "1"]
[SourceVersionDate "2021.10.06"]
[SourceQuality "1"]
[WhiteTeam "Vlcnov"]
[BlackTeam "Vsetin"]
[WhiteTeamCountry "CZE"]
[BlackTeamCountry "CZE"]

1. d4 d6 2. b3 g6 3. Nf3 Bg7 4. Bb2 c5 5. e3 Nc6 6. Be2 Nh6 7. 0-0 0-0 8. Qd2 Bd7 9. c3 Qc7 10. d5 Nd8 11. h3 f5 12. a4 b6 13. Na3 a6 14. Nc4 Nb7 15. a5 bxa5 16. Ng5 Nf7 17. Ne6 Bxe6 18. dxe6 Ng5 19. Qd5 Ra7 20. Nd2 h6 21. f4 Nh7 22. e4 Nf6 23. Qd3 c4 24. Qxc4 Qxc4 25. Nxc4 Nxe4 26. Nxa5 Nxa5 27. Rxa5 Bxc3 28. Bxc3 Nxc3 29. Bd3 Kg7 30. g4 Rb7 31. gxf5 gxf5 32. Kh1 Ne4 33. Rg1+ Kf6 34. Bxe4 fxe4 35. Rxa6 Rxb3 36. Kh2 Rb2+ 37. Kh1 Rf2 38. Re1 Rxf4 39. Ra4 Ke5 40. Kh2 R8f6 41. Ra5+ Kxe6 42. Kg3 Rf3+ 43. Kg4 R6f4+ 44. Kh5 Rf5+ 45. Rxf5 Kxf5 46. Kxh6 Rxh3+ 47. Kg7 e3 48. Kf7 e5 49. Ke7 d5 50. Kd6 Ke4 0-1

[Event "CZE-chT2E 1819"]
[Site "Czech Republic"]
[Date "2019.02.10"]
[Round "8.2"]
[White "Worek, Joanna"]
[Black "Vitak, Pavel"]
[Result "1/2-1/2"]
[WhiteElo "2270"]
[BlackElo "2263"]
[PlyCount "44"]
[EventDate "2018.10.14"]
[EventType "team-tourn"]
[EventRounds "11"]
[EventCountry "CZE"]
[SourceTitle "EXT 2022"]
[Source "ChessBase"]
[SourceDate "2021.10.06"]
[SourceVersion "1"]
[SourceVersionDate "2021.10.06"]
[SourceQuality "1"]
[WhiteTeam "Kunovice"]
[BlackTeam "Vsetin"]
[WhiteTeamCountry "CZE"]
[BlackTeamCountry "CZE"]

1. e4 c5 2. Nf3 e6 3. d4 cxd4 4. Nxd4 a6 5. Bd3 Qc7 6. Nc3 b5 7. a3 Bb7 8. 0-0 Nc6 9. Be3 Nf6 10. Qe2 h5 11. h3 Be7 12. f4 h4 13. Qf2 Nxd4 14. Bxd4 Rc8 15. b4 Nh5 16. Ne2 0-0 17. Rac1 Qb8 18. e5 d6 19. Qe3 Qc7 20. Rf2 Qd7 21. Rcf1 f5 22. Nc1 Bd5 1/2-1/2

[Event "CZE-chT2E 1819"]
[Site "Czech Republic"]
[Date "2019.01.13"]
[Round "6.1"]
[White "Malinovsky, Karel"]
[Black "Vitak, Pavel"]
[Result "1-0"]
[WhiteElo "2469"]
[BlackElo "2263"]
[PlyCount "109"]
[EventDate "2018.10.14"]
[EventType "team-tourn"]
[EventRounds "11"]
[EventCountry "CZE"]
[SourceTitle "EXT 2022"]
[Source "ChessBase"]
[SourceDate "2021.10.06"]
[SourceVersion "1"]
[SourceVersionDate "2021.10.06"]
[SourceQuality "1"]
[WhiteTeam "Kromeriz Slavia II"]
[BlackTeam "Vsetin"]
[WhiteTeamCountry "CZE"]
[BlackTeamCountry "CZE"]

1. e4 d6 2. d4 Nf6 3. Nc3 g6 4. f4 Bg7 5. Nf3 0-0 6. Be3 c6 7. Qd2 b5 8. Bd3 Qc7 9. h3 Nbd7 10. Ne2 Nb6 11. b3 Bd7 12. 0-0 c5 13. c3 Rac8 14. Rac1 c4 15. Bb1 a5 16. b4 e6 17. a3 Ra8 18. Ng3 axb4 19. axb4 Bc6 20. f5 exf5 21. exf5 Rfe8 22. Bh6 Qe7 23. Bxg7 Kxg7 24. fxg6 fxg6 25. Rce1 Qd8 26. Nh4 Rxe1 27. Rxe1 Nbd5 28. Qg5 Ng8 29. Ngf5+ Kh8 30. Nxg6+ hxg6 31. Qxg6 Qf6 32. Qh5+ Nh6 33. Nxh6 Nf4 34. Nf7+ Kg7 35. Qh7+ Kf8 36. Nh6 Bd5 37. Ng4 Qg5 38. Qh8+ Bg8 39. Bh7 Qg7 40. Qxg7+ Kxg7 41. Bxg8 Kxg8 42. Nf6+ Kf7 43. Ne4 Kg6 44. Rf1 Nd5 45. Rf3 Ra1+ 46. Kh2 Rc1 47. h4 Rc2 48. Kh3 Rc1 49. g3 Rc2 50. g4 Rc1 51. h5+ Kh6 52. g5+ Kg7 53. Kg4 Rg1+ 54. Kf5 Re1 55. h6+ 1-0

[Event "CZE-chT2E 1617"]
[Site "Czech Republic"]
[Date "2017.02.12"]
[Round "8.2"]
[White "Vitak, Pavel"]
[Black "Mikes, Jan"]
[Result "1-0"]
[WhiteElo "2250"]
[BlackElo "2198"]
[PlyCount "47"]
[EventDate "2016.09.10"]
[EventType "team-tourn"]
[EventRounds "11"]
[EventCountry "CZE"]
[SourceTitle "EXT 2022"]
[Source "ChessBase"]
[SourceDate "2021.10.06"]
[SourceVersion "1"]
[SourceVersionDate "2021.10.06"]
[SourceQuality "1"]
[WhiteTeam "Vsetin"]
[BlackTeam "Prusanky Podluzan"]
[WhiteTeamCountry "CZE"]
[BlackTeamCountry "CZE"]

1. e4 c5 2. Nf3 d6 3. d4 cxd4 4. Qxd4 Nc6 5. Bb5 Bd7 6. Bxc6 Bxc6 7. Nc3 Nf6 8. Bg5 Qa5 9. 0-0-0 h6 10. Bxf6 gxf6 11. Kb1 Rg8 12. Nh4 Rg4 13. g3 Rc8 14. Rhe1 Bd7 15. Qd3 Rg5 16. Nf5 Bxf5 17. exf5 Rxf5 18. Qxd6 Qc7 19. Qd3 Re5 20. Nb5 Rxb5 21. Qxb5+ Qc6 22. Qd3 e6 23. Re4 f5 24. Rc4 1-0

[Event "CZE-chT2E 1617"]
[Site "Czech Republic"]
[Date "2016.11.13"]
[Round "3.2"]
[White "Novosadova, Kristyna"]
[Black "Vitak, Pavel"]
[Result "1-0"]
[WhiteElo "2176"]
[BlackElo "2250"]
[PlyCount "77"]
[EventDate "2016.09.10"]
[EventType "team-tourn"]
[EventRounds "11"]
[EventCountry "CZE"]
[SourceTitle "EXT 2022"]
[Source "ChessBase"]
[SourceDate "2021.10.06"]
[SourceVersion "1"]
[SourceVersionDate "2021.10.06"]
[SourceQuality "1"]
[WhiteTeam "Jundrov Jezdci"]
[BlackTeam "Vsetin"]
[WhiteTeamCountry "CZE"]
[BlackTeamCountry "CZE"]

1. e4 d6 2. d4 Nf6 3. Nc3 g6 4. Nf3 c6 5. h3 Bg7 6. Be3 Qc7 7. Qd2 Nbd7 8. Bh6 0-0 9. Bd3 e5 10. Bxg7 Kxg7 11. 0-0 Re8 12. Rad1 Nf8 13. Rfe1 Be6 14. Bf1 Rad8 15. d5 Bc8 16. Qe3 c5 17. Nd2 Qe7 18. a4 Nh5 19. Nc4 a6 20. Rb1 f5 21. b4 f4 22. Qd2 Nd7 23. b5 Rf8 24. bxa6 bxa6 25. f3 Ng3 26. Bd3 h5 27. Ne2 g5 28. Nxg3 fxg3 29. Ne3 Kg6 30. Nf5 Qf6 31. Nxg3 c4 32. Bxc4 Nc5 33. Nf5 Nxa4 34. g4 Rh8 35. Qa5 Nc5 36. Bf1 Bxf5 37. exf5+ Kh6 38. Rb6 Rb8 39. Qxc5 1-0

[Event "CZE-chT2F 1516"]
[Site "Czech Republic"]
[Date "2016.01.10"]
[Round "5.22"]
[White "Vitak, Pavel"]
[Black "Kawulok, Marek"]
[Result "1-0"]
[WhiteElo "2252"]
[BlackElo "2142"]
[PlyCount "127"]
[EventDate "2015.10.18"]
[EventType "team-tourn"]
[EventRounds "11"]
[EventCountry "CZE"]
[SourceTitle "EXT 2022"]
[Source "ChessBase"]
[SourceDate "2021.10.06"]
[SourceVersion "1"]
[SourceVersionDate "2021.10.06"]
[SourceQuality "1"]
[WhiteTeam "Vsetin"]
[BlackTeam "Cesky Tesin"]
[WhiteTeamCountry "CZE"]
[BlackTeamCountry "CZE"]

1. d4 Nf6 2. c4 g6 3. Nc3 Bg7 4. e4 d6 5. f3 0-0 6. Be3 a6 7. Nge2 Nbd7 8. Qd2 c5 9. Bh6 Qa5 10. h4 b5 11. h5 bxc4 12. hxg6 fxg6 13. Bxg7 Kxg7 14. Qh6+ Kg8 15. 0-0-0 e5 16. dxe5 dxe5 17. Nd5 Bb7 18. Nec3 Bxd5 19. Rxd5 Nb6 20. Rd6 Ra7 21. Rxb6 Qxb6 22. Bxc4+ Rff7 23. Rd1 Kh8 24. Bxf7 Rxf7 25. Qg5 Qe6 26. Nd5 Nd7 27. Qd8+ Kg7 28. Nc3 c4 29. Qc7 Nb6 30. Qc5 Nd7 31. Qc8 h5 32. Nd5 a5 33. Nc7 Qe7 34. Ne8+ Kh6 35. Nd6 Rf6 36. Nf5+ gxf5 37. Rxd7 Qb4 38. exf5 Rb6 39. Rd2 a4 40. Qh8+ Kg5 41. Qxe5 a3 42. Qg7+ Kf4 43. Rd4+ Ke3 44. Qe5+ Kf2 45. Rd2+ Kg1 46. Qe1+ Kh2 47. g4+ Kh3 48. Qh1+ Kg3 49. Qh2+ Kxf3 50. Rf2+ Ke4 51. Qf4+ Kd5 52. Rd2+ Kc6 53. Qe4+ Kb5 54. Qd5+ Ka4 55. b3+ cxb3 56. Rd4 b2+ 57. Kb1 hxg4 58. Qa8+ Kb5 59. Rxb4+ Kxb4 60. Qe4+ Kc5 61. Qe3+ Kc6 62. Qxa3 Kd5 63. Qd3+ Kc6 64. Qc4+ 1-0

[Event "CZE-chT2F 1415"]
[Site "Czech Republic"]
[Date "2015.04.19"]
[Round "11.22"]
[White "Hladik, Oto"]
[Black "Vitak, Pavel"]
[Result "1/2-1/2"]
[WhiteElo "2204"]
[BlackElo "2204"]
[PlyCount "29"]
[EventDate "2014.11.02"]
[EventType "team-tourn"]
[EventRounds "11"]
[EventCountry "CZE"]
[SourceTitle "EXT 2022"]
[Source "ChessBase"]
[SourceDate "2021.10.06"]
[SourceVersion "1"]
[SourceVersionDate "2021.10.06"]
[SourceQuality "1"]
[WhiteTeam "Ostrava TJ Nova Hut"]
[BlackTeam "Vsetin"]
[WhiteTeamCountry "CZE"]
[BlackTeamCountry "CZE"]

1. e4 d6 2. d4 Nf6 3. Nc3 g6 4. Nf3 c6 5. Bd3 Bg7 6. 0-0 Qc7 7. h3 e5 8. Be3 Nbd7 9. Qd2 0-0 10. Bh6 Re8 11. Bxg7 Kxg7 12. dxe5 dxe5 13. Rad1 Nc5 14. Qe3 Ne6 15. Ne2 1/2-1/2

[Event "CZE-chT2F 1415"]
[Site "Czech Republic"]
[Date "2015.02.22"]
[Round "8.41"]
[White "Belunek, Vladimir"]
[Black "Vitak, Pavel"]
[Result "0-1"]
[WhiteElo "2226"]
[BlackElo "2204"]
[PlyCount "68"]
[EventDate "2014.11.02"]
[EventType "team-tourn"]
[EventRounds "11"]
[EventCountry "CZE"]
[SourceTitle "EXT 2022"]
[Source "ChessBase"]
[SourceDate "2021.10.06"]
[SourceVersion "1"]
[SourceVersionDate "2021.10.06"]
[SourceQuality "1"]
[WhiteTeam "Litovel Tatran II"]
[BlackTeam "Vsetin"]
[WhiteTeamCountry "CZE"]
[BlackTeamCountry "CZE"]

1. d4 Nf6 2. c4 g6 3. Nc3 d5 4. Nf3 Bg7 5. cxd5 Nxd5 6. e4 Nxc3 7. bxc3 0-0 8. Be2 c5 9. Rb1 b6 10. 0-0 Bb7 11. Qd3 Ba6 12. Qe3 cxd4 13. cxd4 Qd7 14. Rd1 Qa4 15. Rb3 Bxe2 16. Qxe2 Rc8 17. Bg5 Nc6 18. d5 Na5 19. Rbd3 Rc2 20. R3d2 Rxd2 21. Rxd2 Rc8 22. h3 Rc1+ 23. Kh2 Nc4 24. Rd3 Rc2 25. Qe1 Qxa2 26. Bxe7 Rxf2 27. d6 Rxg2+ 28. Kh1 Be5 29. Qf1 Rf2 30. Qg1 Qe2 31. d7 Qxd3 32. d8Q+ Qxd8 33. Bxd8 Rxf3 34. Qg4 Rf1+ 0-1

[Event "CZE-chT2C 1213"]
[Site "Czech Republic"]
[Date "2012.10.14"]
[Round "1.4"]
[White "Vincze, Roman"]
[Black "Vitak, Pavel"]
[Result "1-0"]
[WhiteElo "2111"]
[BlackElo "2191"]
[PlyCount "81"]
[EventDate "2012.10.14"]
[EventType "team-tourn"]
[EventRounds "11"]
[EventCountry "CZE"]
[SourceTitle "EXT 2015"]
[Source "ChessBase"]
[SourceDate "2014.11.20"]
[SourceVersion "1"]
[SourceVersionDate "2014.11.20"]
[SourceQuality "1"]
[WhiteTeam "Jihlava Gambit"]
[BlackTeam "Pankrac II"]
[WhiteTeamCountry "CZE"]
[BlackTeamCountry "CZE"]

1. d4 Nf6 2. Bg5 Ne4 3. Bf4 c5 4. d5 Qb6 5. Bc1 e6 6. f3 Nf6 7. e4 exd5 8. exd5 Be7 9. c4 0-0 10. Bd3 d6 11. Nc3 Nbd7 12. f4 Re8 13. Nge2 Nf8 14. h3 a6 15. 0-0 Qc7 16. a4 b6 17. Qc2 Bd7 18. b3 Qb7 19. Bb2 Rab8 20. Ne4 Nxe4 21. Bxe4 Qc8 22. f5 Qd8 23. f6 Bxf6 24. Bxf6 gxf6 25. Ng3 Re5 26. Bd3 Qe7 27. Rf3 Re8 28. Kh2 Re3 29. Raf1 Rxf3 30. Rxf3 Qe5 31. Qf2 Re7 32. Rxf6 Ng6 33. Rf3 Kg7 34. Bf5 Nh4 35. Bxd7 Rxd7 36. Rf4 Ng6 37. Rf5 Qd4 38. Qf3 Kg8 39. Ne4 Kg7 40. Ng5 h6 41. Rxf7+ 1-0